Catálogo
 En Linea

Tai Chi Made Easy : (Registro nro. 42549)

Detalles MARC
000 -CABECERA
campo de control de longitud fija 00596nam a2200169 a 4500
001 - NÚMERO DE CONTROL
campo de control 000043060
005 - FECHA Y HORA DE LA ÚLTIMA TRANSACCIÓN
campo de control 20201002040616.0
008 - DATOS DE LONGITUD FIJA--INFORMACIÓN GENERAL
campo de control de longitud fija 140218s1997 xxuc 000 0 spa d
020 ## - NÚMERO INTERNACIONAL ESTÁNDAR DEL LIBRO
Número Internacional Estándar del Libro 1882606256
040 ## - FUENTE DE LA CATALOGACIÓN
Centro catalogador/agencia de origen DO-SdBNP
Lengua de catalogación spa
Centro/agencia transcriptor BNPHU
100 1# - ENTRADA PRINCIPAL--NOMBRE DE PERSONA
Nombre de persona Parry, Robert
9 (RLIN) 70583
245 10 - MENCIÓN DE TÍTULO
Título Tai Chi Made Easy :
Resto del título a step-by-step guide to health and relaxation /
Mención de responsabilidad, etc. Robert Parry; fotografía, Laura Wickenden.
260 ## - PUBLICACIÓN, DISTRIBUCIÓN, ETC.
Lugar de publicación, distribución, etc. Allentown, Pensilvania, EE. UU. :
Nombre del editor, distribuidor, etc. People´s medical society,
Fecha de publicación, distribución, etc. 1997.
300 ## - DESCRIPCIÓN FÍSICA
Extensión 144 p. :
Otras características físicas retrs. ;
Dimensiones 28 cm.
500 ## - NOTA GENERAL
Nota general Incluye índice
700 1# - PUNTO DE ACCESO ADICIONAL--NOMBRE DE PERSONA
Nombre de persona Wickenden, Laura
Término indicativo de función/relación fot.
9 (RLIN) 70584
Existencias
Estado de retiro Estado de pérdida Restricciones de uso No para préstamo Código de colección Localización permanente Ubicación/localización actual Ubicación en estantería Fecha de adquisición Número de inventario Total de préstamos Signatura topográfica completa Código de barras Fecha visto por última vez Precio válido a partir de Tipo de ítem Koha
      Excluido de préstamo Monografías: Libros y Folletos General General En catalogación 18.02.2014 LF1   43060-10 25.06.2020 25.06.2020 No se presta

Con tecnología Koha